Statystyki dla Podział administracyjny I Rzeczypospolitej

Kliknij tutaj aby rozwiązać quiz!

Ogólne statystyki

  • Ten quiz został rozwiązany 131 razy
  • Średni wynik to 18 z 39

Statystyki odpowiedzi

Odpowiedź% Poprawnych
województwo krakowskie
90%
Korona Królestwa Polskiegowojewództwo poznańskie
90%
Wielkie Księstwo Litewskiewojewództwo wileńskie
84%
województwo pomorskie
81%
województwo mazowieckie
80%
województwo kijowskie
76%
województwo lubelskie
76%
województwo podlaskie
69%
województwo wołyńskie
64%
województwo mińskie
63%
województwo smoleńskie
56%
województwo płockie
55%
województwo podolskie
55%
województwo kaliskie
54%
województwo ruskie
50%
województwo sieradzkie
49%
Księstwo Warmińskie
48%
województwo sandomierskie
48%
województwo nowogródzkie
38%
Księstwo Żmudzkie
37%
województwo łęczyckie
37%
województwo malborskie
36%
województwo bracławskie
32%
województwo połockie
32%
województwo witebskie
32%
województwo dorpackie
30%
województwo trockie
30%
województwo czernihowskie
28%
województwo inowrocławskie
28%
województwo rawskie
27%
województwo chełmińskie
26%
województwo bełskie
25%
województwo brzeskokujawskie
25%
województwo brzeskolitewskie
25%
województwo gnieźnieńskie
25%
województwo parnawskie
19%
województwo inflanckie
15%
Inflantywojewództwo wendeńskie
15%
województwo mścisławskie
13%

Rozkład punktacji

Percentyl według liczby udzielonych odpowiedzi

Procent ludzi z każdym wynikiem

Twoja historia wyników

Nie rozwiązałeś tego quizu